| 000 | 00650cab a2200217 4500 | ||
|---|---|---|---|
| 001 | ABS38564 | ||
| 008 | 090401t1987 xxu||||| |||| 00| 0 eng d | ||
| 035 | _a(Sirsi) u11271 | ||
| 041 | _aeng | ||
| 100 | _aBell, S. | ||
| 245 | _aDamage in the great storm | ||
| 260 | _c1987 | ||
| 350 | _a0 | ||
| 490 |
_aCountry Landowner _v40(12) December 1987, 20-21(2) |
||
| 520 | _aFollowing October`s storm, this article provides details of financial aid and advice available for clearing and replanting trees . | ||
| 650 | _aFORESTRY COMMISSION | ||
| 650 | _aGRANTS | ||
| 690 | _aCONSERVATION AND THE ENVIRONMENT | ||
| 942 | _n0 | ||
| 948 | _c04/03/1997 | ||
| 999 |
_c7174 _d7174 |
||